Orquídeas mexicanas (Record no. 10407)

MARC details
000 -CABECERA
campo de control de longitud fija 01159nam a2200325 a 4500
001 - NÚMERO DE CONTROL
campo de control BRL_1598
003 - IDENTIFICADOR DEL NÚMERO DE CONTROL
campo de control FranzMayer
005 - FECHA Y HORA DE LA ÚLTIMA TRANSACCIÓN
campo de control 20230918121658.0
008 - DATOS DE LONGITUD FIJA--INFORMACIÓN GENERAL
campo de control de longitud fija 090414s2000----mx-ao#####---#000-0#spa-#
020 ## - NÚMERO INTERNACIONAL ESTÁNDAR DEL LIBRO
Número Internacional Estándar del Libro 970701072X
040 ## - FUENTE DE LA CATALOGACIÓN
Centro/agencia transcriptor MFM
041 ## - CÓDIGO DE LENGUA
Código de lengua del texto/banda sonora o título independiente spa
044 ## - CÓDIGO DEL PAÍS DE LA ENTIDAD EDITORA/PRODUCTORA
Código MARC del país mx
050 #4 - SIGNATURA TOPOGRÁFICA DE LA BIBLIOTECA DEL CONGRESO
Número de clasificación QK495.O64
Número de documento/Ítem .S27 2000
100 1# - ENTRADA PRINCIPAL--NOMBRE DE PERSONA
Nombre de persona Sarmiento Fradera, Manuel
9 (RLIN) 27395
245 10 - MENCIÓN DE TÍTULO
Título Orquídeas mexicanas
Mención de responsabilidad, etc. Manuel Sarmiento Fradera y Carlos Romero Giordano ; fotografía Claudio Contreras Koob...[et al.] ; ilustraciones Beatriz Beltrán Brauer y Griselda Fradera.
260 ## - PUBLICACIÓN, DISTRIBUCIÓN, ETC.
Lugar de publicación, distribución, etc. México
Nombre del editor, distribuidor, etc. Banco Nacional de Obras y Servicios Públicos
Fecha de publicación, distribución, etc. 2000
300 ## - DESCRIPCIÓN FÍSICA
Extensión 148 p.
Otras características físicas il., fotografías (a color)
Dimensiones 31 cm.
500 ## - NOTA GENERAL
Nota general Un ejemplar en Anexo 1 (el que se ubica en BRCA)
500 ## - NOTA GENERAL
Nota general Au868
500 ## - NOTA GENERAL
Nota general Incluye dedicatoria a Ruth Lechuga
504 ## - NOTA DE BIBLIOGRAFÍA, ETC.
Nota de bibliografía, etc. Bibliografía: p. 147-148
650 14 - PUNTO DE ACCESO ADICIONAL DE MATERIA--TÉRMINO DE MATERIA
Término de materia o nombre geográfico como elemento de entrada Orquídeas
Subdivisión geográfica México
9 (RLIN) 11599
700 1# - PUNTO DE ACCESO ADICIONAL--NOMBRE DE PERSONA
Nombre de persona Romero Giordano, Carlos
Término indicativo de función/relación coaut.
9 (RLIN) 4882
700 1# - PUNTO DE ACCESO ADICIONAL--NOMBRE DE PERSONA
Nombre de persona Contreras Koob, Claudio
Término indicativo de función/relación il.
9 (RLIN) 27396
700 1# - PUNTO DE ACCESO ADICIONAL--NOMBRE DE PERSONA
Nombre de persona Beltrán Brauer, Beatriz
Término indicativo de función/relación il.
9 (RLIN) 27397
700 1# - PUNTO DE ACCESO ADICIONAL--NOMBRE DE PERSONA
Nombre de persona Fradera, Griselda
Término indicativo de función/relación il.
9 (RLIN) 27398
902 ## - CATALOGADOR
Iniciales GRL
942 ## - ELEMENTOS DE PUNTO DE ACCESO ADICIONAL (KOHA)
Fuente del sistema de clasificación o colocación Library of Congress Classification
Tipo de ítem Koha Libros
Holdings
Estado de retiro Estado de pérdida Estado dañado No para préstamo Localización permanente Ubicación/localización actual Fecha de adquisición Número de inventario Total de préstamos Signatura topográfica completa Código de barras Fecha visto por última vez Precio válido a partir de Tipo de ítem Koha Fuente del sistema de clasificación o colocación Código de colección
El ejemplar forma parte de la colección y puede ser consultado según las políticas vigentes.       Biblioteca Centro de Estudios Ruth D. Lechuga Biblioteca Centro de Estudios Ruth D. Lechuga 09/04/2014 Au868   QK495.O64 .S27 2000 (Au868) GRL01758 22/03/2019 22/03/2019 Libros    
El ejemplar forma parte de la colección y puede ser consultado según las políticas vigentes.       Biblioteca del Museo Franz Mayer (Rogerio Casas-Alatriste) Biblioteca del Museo Franz Mayer (Rogerio Casas-Alatriste) 28/08/2023     QK495.O64 .S27 2000 CONT10106 28/08/2023 28/08/2023 Libros Library of Congress Classification Fondo Contemporáneo